Ancient Crete a social history: from early times until the Roman occupation
Saved in:
| Main Author: | |
|---|---|
| Format: | Book |
| Language: | English |
| Published: |
Londres
Routledge and Kegan Paul
1965
|
| Subjects: | |
| Tags: |
Add Tag
No Tags, Be the first to tag this record!
|
MARC
| LEADER | 00000nam a2200000 a 4500 | ||
|---|---|---|---|
| 001 | UCX7501 | ||
| 003 | CL-VaPUC | ||
| 005 | 20210602001428.0 | ||
| 008 | 931213e19650000UK |||||||||||||||||eng|d | ||
| 999 | |c 227307 |d 227305 | ||
| 040 | |c Pontificia Universidad Católica de Valparaíso | ||
| 082 | 0 | 4 | |a 939.18 WIL 1965 |2 21 |
| 100 | 0 | |a Willetts, R. F |e author |9 324366 | |
| 245 | 1 | 0 | |a Ancient Crete a social history: |b from early times until the Roman occupation |
| 260 | |a Londres |b Routledge and Kegan Paul |c 1965 | ||
| 300 | |a 197 páginas | ||
| 583 | |a last modification |c 19931213 00:00:00 |k Rodrigo Vera | ||
| 650 | 0 | |a Historia de Grecia |9 267917 | |
| 651 | 7 | |a CRETA |2 CL-VaPUC |9 266769 | |
| 651 | 0 | |a Grecia |9 265314 | |
| 942 | |c BK |2 ddc | ||
| 945 | |d 19931213 00:00:00 |a aalvarez | ||
| 952 | |0 0 |1 0 |4 0 |6 939_180000000000000_WIL_1965 |7 0 |8 A |9 226234 |a BIBHIS |b BIBHIS |d 2019-11-15 |i 2947919 |o 939.18 WIL 1965 |p 2947919 |r 2025-01-20 |w 2019-11-15 |y BK |k HIS | ||